LIBRARY & INFORMATION CENTRE, KCAET, TAVANUR

ONLINE PUBLIC ACCESS CATALOGUE (OPAC)

Statistical methods for agricultural works / (Record no. 9830)

MARC details
000 -LEADER
fixed length control field 00590cam a2200229ua 4500
041 ## - LANGUAGE CODE
Language code of text/sound track or separate title eng
082 ## - DEWEY DECIMAL CLASSIFICATION NUMBER
Classification number 519.5063
Item number PAN/ST
100 ## - MAIN ENTRY--AUTHOR NAME
Personal name Pane, V.G .
245 ## - TITLE STATEMENT
Title Statistical methods for agricultural works /
260 ## - PUBLICATION, DISTRIBUTION, ETC. (IMPRINT)
Place of publication New Delhi :
Name of publisher Indian Council for Agricultural Research ,
Year of publication 1985.
300 ## - PHYSICAL DESCRIPTION
Number of Pages 354 ; .
700 1# - ADDED ENTRY--PERSONAL NAME
Personal name Sukhatme, P.V .
942 ## - ADDED ENTRY ELEMENTS (KOHA)
Koha item type Books
Holdings
Withdrawn status Lost status Damaged status Home library Current library Date acquired Full call number Accession Number Koha item type
      KAUAET KAUAET 01/12/1988 519.5063 PAN/ST 16436 Books
      KAUAET KAUAET 01/12/1988 519.5063 PAN/ST 16437 Books
      KAUAET KAUAET 01/12/1988 519.5063 PAN/ST 16438 Books
      KAUAET KAUAET 01/12/1988 519.5063 PAN/ST 16439 Books
      KAUAET KAUAET 01/12/1988 519.5063 PAN/ST 16440 Books
free website counter